| 000 | 00650nac a22001811u 4500 | ||
|---|---|---|---|
| 010 | _a 99063645 | ||
| 020 | _a0672315777 | ||
| 082 | 0 | 0 |
_a005.7585 _bA9351 |
| 090 |
_c4542 _d4542 |
||
| 100 | _aAustin, David, | ||
| 245 | 1 | 0 |
_aMigrating to Oracle8i / _cDavid Austin, Meghraj Thakkar, Kurt Lysy. |
| 260 |
_aIndianapolis, IN : _bSams Pub.,c2000. _cc2000. |
||
| 300 |
_axxii, 708 p. : _bill. ; _c23 cm. |
||
| 650 | 0 | _aDatabase management. | |
| 700 | 1 | _aThakkar, Meghraj. | |
| 942 |
_cBB _k005.7585A9351 |
||
| 999 |
_c4542 _d4542 |
||